Statistics for Business and Economics (Record no. 3749)
[ view plain ]
| 005 - DATE AND TIME OF LATEST TRANSACTION | |
|---|---|
| control field | 20250611115203.0 |
| 020 ## - INTERNATIONAL STANDARD BOOK NUMBER | |
| International Standard Book Number | 032420082X |
| 082 ## - DEWEY DECIMAL CLASSIFICATION NUMBER | |
| Classification number | 519.5AND |
| 100 ## - MAIN ENTRY--PERSONAL NAME | |
| Author name | ANDERSON. R. D |
| 111 ## - MAIN ENTRY--MEETING NAME | |
| Meeting name or jurisdiction name as entry element | SOUTH WESTERN |
| 245 ## - TITLE STATEMENT | |
| Title | Statistics for Business and Economics |
| 250 ## - EDITION STATEMENT | |
| Edition statement | 9th Ed. |
| 260 ## - PUBLICATION, DISTRIBUTION, ETC. | |
| Place of publication, distribution, etc. | USA |
| Name of publisher, distributor, etc. | ANDERSON. R. D |
| Date of publication, distribution, etc. | 2005 |
| 300 ## - PHYSICAL DESCRIPTION | |
| Extent | xxvi, 1023, ill, figure, table, picture. |
| Other physical details | Appendix, Index |
| Dimensions | 26cm 26cm |
| 700 ## - ADDED ENTRY--PERSONAL NAME | |
| Other authors/Editors | SWEENEY. J. D, WILLIAMS. A. T. |
| 942 ## - ADDED ENTRY ELEMENTS (KOHA) | |
| Source of classification or shelving scheme | Dewey Decimal Classification |
| Koha item type | Books |
No items available.
